<?xml version="1.0" encoding="UTF-8"?>
<record
    xmlns:xsi="http://www.w3.org/2001/XMLSchema-instance"
    xsi:schemaLocation="http://www.loc.gov/MARC21/slim http://www.loc.gov/standards/marcxml/schema/MARC21slim.xsd"
    xmlns="http://www.loc.gov/MARC21/slim">

  <leader>01146nam a2200205Ia 4500</leader>
  <datafield tag="952" ind1=" " ind2=" ">
    <subfield code="0">0</subfield>
    <subfield code="1">0</subfield>
    <subfield code="2">lcc</subfield>
    <subfield code="4">0</subfield>
    <subfield code="7">0</subfield>
    <subfield code="a">22</subfield>
    <subfield code="b">22</subfield>
    <subfield code="d">2017-10-20</subfield>
    <subfield code="l">0</subfield>
    <subfield code="o">HD58.8 C64 G65 2016</subfield>
    <subfield code="p">24 000227</subfield>
    <subfield code="r">2023-08-05</subfield>
    <subfield code="t">1</subfield>
    <subfield code="w">2017-10-20</subfield>
    <subfield code="y">LB</subfield>
  </datafield>
  <datafield tag="999" ind1=" " ind2=" ">
    <subfield code="c">102611</subfield>
    <subfield code="d">102611</subfield>
  </datafield>
  <controlfield tag="005">20231102152041.0</controlfield>
  <controlfield tag="008">120626s2016    mx a          000 0 spa d</controlfield>
  <datafield tag="020" ind1=" " ind2=" ">
    <subfield code="a">9706461876</subfield>
  </datafield>
  <datafield tag="050" ind1="1" ind2="4">
    <subfield code="a">HD58.8 C64</subfield>
    <subfield code="b">G65 2016</subfield>
  </datafield>
  <datafield tag="100" ind1=" " ind2=" ">
    <subfield code="a">Gonz&#xE1;lez Cornejo, Aurelio</subfield>
    <subfield code="e">autor</subfield>
  </datafield>
  <datafield tag="245" ind1="1" ind2="0">
    <subfield code="a">Desarrollo organizacional</subfield>
    <subfield code="b"> : de la "A" a la "Z"</subfield>
    <subfield code="c"> / Aurelio Gonz&#xE1;lez Cornejo</subfield>
  </datafield>
  <datafield tag="260" ind1="3" ind2="0">
    <subfield code="a">M&#xE9;xico</subfield>
    <subfield code="b">: PACJ</subfield>
    <subfield code="c">, 2016</subfield>
  </datafield>
  <datafield tag="300" ind1=" " ind2=" ">
    <subfield code="a">vii, 382 p&#xE1;ginas</subfield>
  </datafield>
  <datafield tag="500" ind1=" " ind2=" ">
    <subfield code="a">Incluye:
dedicatoria
introducci&#xF3;n
</subfield>
  </datafield>
  <datafield tag="504" ind1=" " ind2=" ">
    <subfield code="a">contiene bibliograf&#xED;a (p.377 - 382)</subfield>
  </datafield>
  <datafield tag="505" ind1=" " ind2=" ">
    <subfield code="a">Contenido:
El individuo y las organizaciones
Una introducci&#xF3;n al desarrollo organizacional
La operacionalizaci&#xF3;n del desarrollo organizacional
La cultura organizacional
El cambio: elemento clave para el desarrollo organizacional
El agente de desarrollo organizcaional y su intervenci&#xF3;n en el proceso de cambio
El conflicto y el desarrollo organizacional
El trabajo en equipo y el desarrollo organizacional
El desarrollo en M&#xE9;xico</subfield>
  </datafield>
  <datafield tag="519" ind1=" " ind2=" ">
    <subfield code="a">Plan Flexible / </subfield>
    <subfield code="b">Inform&#xE1;tica / </subfield>
    <subfield code="c">Desarrollo Organizacional (LI530-3) / </subfield>
    <subfield code="d">(24 000227)</subfield>
  </datafield>
  <datafield tag="650" ind1="1" ind2="4">
    <subfield code="a">CAMBIO ORGANIZACIONAL</subfield>
    <subfield code="z">M&#xC9;XICO</subfield>
  </datafield>
  <datafield tag="942" ind1=" " ind2=" ">
    <subfield code="c">LB</subfield>
  </datafield>
</record>
